000 00488nam a22001697a 4500
003 MPLRDC
005 20220104125740.0
008 210129b ||||| |||| 00| 0 eng d
082 _a524.9162 DZ v.1 c.2
100 _a马来西亚华文独立中学统一课程编委会编纂
245 _a化学. 上册
_c
260 _a
_b马来亚文化事业有限公
_c
300 _b
490 _a初级中学适用
650 _a中等教育--初中化学
942 _cBK
_o524.9162 DZ v.1 c.2
999 _c29836
_d29826